000 00491nam a2200193 a 4500
003 AR-BaBNM
005 20251128210925.0
008 082120s2002 ||||||||||||||000 | spa||
020 _a0-19-431310-7
040 _cAR-BaBNM
245 0 0 _aOxford Advanced Learner's Encyclopedic Dictionary
260 _aOxford
_bOxford University Press
_c1995
300 _axxxviii, 1081 p.
_bil.
650 4 _aDICCIONARIOS
650 4 _aINGLES
655 _aREFERENCIA
942 _cBK
998 _claura
999 _c17478
_d17478